MARC

LEADER 00000nam0a2200000 4500
001 132511
005 20231031134907.0
020 |a RU  |b 84-26315 
035 |a (RuTPU)RU\TPU\book\143482 
090 |a 132511 
100 |a 20080304d1984 m a0rusy5003 ca 
101 0 |a rus 
102 |a UA 
105 |a a z 001zy 
200 1 |a Оптимизация параметров электротехнических устройств  |e сборник статей  |f Академия наук Молдавской ССР (АН МССР), Отдел энергетической кибернетики 
210 |a Кишинев  |c Штиинца  |d 1984 
215 |a 98 с.  |c ил. 
610 1 |a электрические машины 
610 1 |a электротехнические устройства 
610 1 |a оптимизация 
610 1 |a параметры 
610 1 |a сборники 
675 |a 621.313  |v 3 
712 0 2 |a Академия наук Молдавской ССР (АН МССР)  |b Отдел энергетической кибернетики  |2 stltpush  |3 (RuTPU)RU\TPU\col\85 
801 0 |a RU  |b RuMRKP  |c 19950704  |g psbo 
801 1 |a RU  |b 63413507  |c 20080304  |g PSBO 
801 2 |a RU  |b 63413507  |c 20150129  |g PSBO 
942 |c BK